Human migration : a geographical perspective
Αποθηκεύτηκε σε:
| Κύριος συγγραφέας: | |
|---|---|
| Μορφή: | Βιβλίο |
| Γλώσσα: | English |
| Δημοσίευση: |
London :
Croom Helm,
c1982
|
| Σειρά: | Croom Helm series in geography and environment
|
| Θέματα: | |
| Ετικέτες: |
Προσθήκη ετικέτας
Δεν υπάρχουν, Καταχωρήστε ετικέτα πρώτοι!
|
MARC
| LEADER | 00000nam a2200000 i 4500 | ||
|---|---|---|---|
| 001 | 1/78192 | ||
| 008 | 961203s1982 eng d | ||
| 020 | |a 0-7099-0007-4 | ||
| 035 | |l 10004511 | ||
| 040 | |a GR-MY-UA |b gre |e aacr | ||
| 041 | 0 | |a eng | |
| 100 | 1 | |a Lewis, G. J. |d 1944- | |
| 245 | 1 | 0 | |a Human migration : |b a geographical perspective / |c G. J. Lewis |
| 260 | |a London : |b Croom Helm, |c c1982 | ||
| 300 | |a 220 p.; |b ill.; |c 23 cm | ||
| 490 | 1 | |a Croom Helm series in geography and environment | |
| 504 | |a Bibliography: p. 192-216. Includes index | ||
| 650 | 0 | 0 | |a Migration, Internal. |
| 830 | 0 | |a Croom Helm series in geography and environment | |
| 852 | |a INST |b LESVOS |e 19961203 |h 304.8 LEW |p 005100008870 |q 005100008870 |t BK |y 0 | ||
| 909 | |a Λ |b 005786 | ||